| 000 | 00412nam a2200145Ia 4500 | ||
|---|---|---|---|
| 999 |
_c21391 _d21391 |
||
| 082 | _aTR.0039 | ||
| 100 | _aRama Rao, P. | ||
| 245 | 0 | _aStudy of relationship between certain factors of prsonality and time perception | |
| 260 |
_c1971 _bSri Venkateswara University |
||
| 300 | _a116, xxxiip. + C D - 5 | ||
| 650 | _aTIME PERCEPTION | ||
| 650 | _aPERSONALITY | ||
| 710 | _aParthasarathy, S. | ||
| 942 |
_cTH _2ddc |
||